| 000 | 00512nam a22001817a 4500 | ||
|---|---|---|---|
| 003 | MPLRDC | ||
| 005 | 20220104144134.0 | ||
| 008 | 210129b ||||| |||| 00| 0 eng d | ||
| 082 | _a308.9 TXJ v.1 | ||
| 100 | _a纳撒尼尔. 哈里斯 | ||
| 245 |
_a早期的探险家. 第一册 _c张帆译 |
||
| 250 | _a初版 | ||
| 260 |
_a _b山东画报出版社 _c2002 |
||
| 300 | _b平 | ||
| 490 | _a探险家与探险丛书、格罗里埃学生文库 | ||
| 650 | _a儿童用科学丛书 | ||
| 942 |
_cBK _o308.9 TXJ v.1 |
||
| 999 |
_c46752 _d46742 |
||